000 01372cam a22003977a 4500
003 CHAP
005 20220329141514.0
008 971013s1985 r 10010 d
010 _a69248
011 _a70220
035 _a79701
040 _cCHAP
082 _a631.82
_bI5 1984
111 0 0 _aInternational Symposium on Trace Elements in Man and Animals (
_n5
_d: 1984
_c: Aberdeen, Scotland)
_960040
245 0 _aProceedings
260 _aSlough :
_bCAB,
_c1985
300 _a977 p.
_b: ilus. ; gráfs.
590 _aBATCH-UPD
_b10
_c20130110
_lUCH01
_h0447
590 _aBATCH-UPD
_b10
_c20130110
_lUCH01
_h2241
590 _aBATCH-UPD
_b10
_c20130410
_lUCH01
_h0123
590 _aBATCH-UPD
_b10
_c20130914
_lUCH01
_h0748
590 _aCONVERSION
_b10
_c20130109
_lUCH01
_h1338
650 1 4 _aAnimales
_xElementos minerales.
_95861
650 1 4 _aDesnutrición.
_932165
650 1 4 _aElementos menores.
_936257
650 1 4 _aPlantas
_xDeficiencias nutritivas.
_988812
650 1 4 _aPlantas
_xElementos minerales.
_988823
650 1 4 _aSuelos
_xElementos minerales.
_9110356
700 0 _aBremner, I.
_915218
700 0 _aChesters, J. K.
_922186
700 0 _aMills, C. F.
_975848
710 0 _aCommonwealth Agricultural Bureaux.
_925960
901 _aBK
942 _cLIBRO
949 _a631.82 I5 1984
_bBC
_cLIBRO
_d33724000172482
_eLIBRO
_gI. 147164
_h76022
_i79701
_si
_t546.38
999 _c69248
_d69248